000 00817cam a22002534a 4500
001 13601536
005 20171222041114.0
008 040521s2004 nyuab j 001 0deng
010 _a 2004012146
020 _a0756607701 (hc)
020 _a075660771X (pb)
040 _aDLC
_cDLC
_dDLC
041 _aeng
042 _apcc
043 _aa-vt---
080 _a959.70434 MUR
082 0 0 _a959.70434 MUR
_222
100 1 _a17
101 _aHIS
245 1 0 _aVietnam War :
_c[writer, Stuart Murray] ; Aaron R. Murray, editor.
906 _a7
_bcbc
_corignew
_d1
_eecip
_f20
_gy-gencatlg
942 _2ddc
_cBK
999 _c39316
_d39316